000 00950nam a22002777a 4500
001 BR7705603
003 BR-BrBNA
005 20230928085451.0
007 ta
008 230509b bl.||||| |||| 00| 0 por d
040 _aBR-BrBNA
_bpor
_cBiblioteca Nacional de Agricultura
041 _a(Por)
072 _aF00; L00; E15
_b/G514
090 _ F00 BR7705603
110 1 _aComissao Estadual de Planejamento Agricola, Porto Alegre, RS (Brasil)
_92057
245 1 _aSugestoes para o Plano Estadual para Aplicacao de Credito Rural - PESAC 1977/78 [Rio Grande do Sul, Brasil]
260 3 _aPorto Alegre, RS (Brasil):
_c1977.
300 _a24 p.
500 _a(*) Documento disponível no(a) Comissao Estadual de Planejamento Agricola, Porto Alegre, RS (Brazil)
650 _aPRODUCAO VEGETAL
650 _aPRODUCAO ANIMAL
650 _aCREDITO AGRICOLA
650 _aRIO GRANDE DO SUL
909 _a202309
_bLucia
_c55
_dLucia Elande
942 _cBK
999 _c24582
_d24582